|
|
|
|
| LEADER |
00000nab a2200000 a 4500 |
| 001 |
vtls000600374 |
| 003 |
SK-MaSNL |
| 005 |
20260303182611.0 |
| 008 |
230213c1996 xo 0 eng |
| 015 |
|
|
|a SNBRB19rr/mm-uuuuu
|
| 035 |
|
|
|a CL0600513
|
| 040 |
|
|
|a SNKBUCL
|b slo
|c SNKBUCL
|e AACR2
|
| 041 |
0 |
|
|a eng
|
| 044 |
|
|
|a xo
|c SK
|
| 080 |
|
|
|a 582.683.2:581.19:577.175.14:547.857
|2 1981
|
| 080 |
|
|
|a 581.19
|2 1981
|
| 080 |
|
|
|a 577.175.14
|2 1981
|
| 080 |
|
|
|a 547.857
|2 1981
|
| 100 |
1 |
|
|a Skamelková, J.
|4 aut
|9 1210623
|
| 245 |
1 |
0 |
|a Immunodetection and identification of cytokinins in Arabidopsis thaliana (L.) Heynh. plants
|c J. Skamelková, K. Doležal, M. Strnad
|
| 300 |
|
|
|b Lit. 3 zázn. v angl.
|
| 650 |
0 |
7 |
|a arábkovka Thalova
|2 snkbucl
|9 112960
|
| 650 |
0 |
7 |
|a mutanty
|2 snkbucl
|9 1010155
|
| 650 |
0 |
7 |
|a aromatické cytokiníny
|2 snkbucl
|9 1210624
|
| 655 |
|
7 |
|a články z novín a časopisov
|2 snkbucl
|9 267496
|
| 700 |
1 |
|
|a Doležal, Karel,
|d 1967-
|4 aut
|9 136957
|
| 700 |
1 |
|
|a Strnad, Miroslav,
|d 1958-
|4 aut
|9 112961
|
| 773 |
0 |
|
|t Biologia
|g Roč. 51, č. 1 (1996), s. 99
|x 0006-3088
|
| 850 |
|
|
|a Slovenská národná knižnica v Martine
|a MTA001
|
| 852 |
|
|
|a SNK
|b KIS3GCP
|
| 954 |
|
|
|a odborná, vedecká literatúra cudzojazyčná (svetová)
|2 lita
|
| 958 |
|
|
|a MI
|
| 958 |
|
|
|a RK
|
| 958 |
|
|
|a OND
|
| 958 |
|
|
|a EUIPO
|
| 958 |
|
|
|a article2022
|
| 992 |
|
|
|a RBX
|
| 999 |
|
|
|c 2117635
|d 2119565
|